American art from American collections (Record no. 2557)
[ view plain ]
| 000 -CABECERA | |
|---|---|
| campo de control de longitud fija | 00775nam a2200241 a 4500 |
| 001 - NÚMERO DE CONTROL | |
| campo de control | BRCA_2817 |
| 005 - FECHA Y HORA DE LA ÚLTIMA TRANSACCIÓN | |
| campo de control | 20190320204001.0 |
| 008 - DATOS DE LONGITUD FIJA--INFORMACIÓN GENERAL | |
| campo de control de longitud fija | 091208s1963----nyua---###---#000-0#eng-u |
| 050 #4 - SIGNATURA TOPOGRÁFICA DE LA BIBLIOTECA DEL CONGRESO | |
| Número de clasificación | N510 |
| Número de documento/Ítem | .B53 1963 |
| 100 1# - ENTRADA PRINCIPAL--NOMBRE DE PERSONA | |
| Nombre de persona | Biddle, James |
| 9 (RLIN) | 7903 |
| 245 10 - MENCIÓN DE TÍTULO | |
| Título | American art from American collections |
| Mención de responsabilidad, etc. | by James Biddle. |
| 260 ## - PUBLICACIÓN, DISTRIBUCIÓN, ETC. | |
| Lugar de publicación, distribución, etc. | New York |
| Nombre del editor, distribuidor, etc. | The Metropolitan Museum of Art |
| Fecha de publicación, distribución, etc. | 1963 |
| 300 ## - DESCRIPCIÓN FÍSICA | |
| Extensión | xii, 114 p. |
| Otras características físicas | il. |
| Dimensiones | 27 cm. |
| 500 ## - NOTA GENERAL | |
| Nota general | Incluye lista de créditos de fotos por autor. |
| 500 ## - NOTA GENERAL | |
| Nota general | AA108 |
| 650 14 - PUNTO DE ACCESO ADICIONAL DE MATERIA--TÉRMINO DE MATERIA | |
| Término de materia o nombre geográfico como elemento de entrada | Arte colonial |
| 9 (RLIN) | 7904 |
| 650 14 - PUNTO DE ACCESO ADICIONAL DE MATERIA--TÉRMINO DE MATERIA | |
| Término de materia o nombre geográfico como elemento de entrada | Coleccionistas y colecciones |
| 9 (RLIN) | 7905 |
| 650 14 - PUNTO DE ACCESO ADICIONAL DE MATERIA--TÉRMINO DE MATERIA | |
| Término de materia o nombre geográfico como elemento de entrada | Arte |
| Subdivisión general | Colecciones particulares |
| 9 (RLIN) | 7906 |
| 650 14 - PUNTO DE ACCESO ADICIONAL DE MATERIA--TÉRMINO DE MATERIA | |
| Término de materia o nombre geográfico como elemento de entrada | Arte |
| Subdivisión geográfica | Estados Unidos |
| 9 (RLIN) | 7806 |
| 710 2# - PUNTO DE ACCESO ADICIONAL--NOMBRE DE ENTIDAD CORPORATIVA | |
| Nombre de entidad corporativa o nombre de jurisdicción como elemento de entrada | Metropolitan Museum of Art (Nueva York) |
| 9 (RLIN) | 7537 |
| 902 ## - CATALOGADOR | |
| Iniciales | GFM |
| 942 ## - ELEMENTOS DE PUNTO DE ACCESO ADICIONAL (KOHA) | |
| Fuente del sistema de clasificación o colocación | Library of Congress Classification |
| Tipo de ítem Koha | Libros |
| Estado de retiro | Estado de pérdida | Estado dañado | No para préstamo | Localización permanente | Ubicación/localización actual | Fecha de adquisición | Número de inventario | Total de préstamos | Signatura topográfica completa | Código de barras | Fecha visto por última vez | Precio válido a partir de | Tipo de ítem Koha |
|---|---|---|---|---|---|---|---|---|---|---|---|---|---|
| El ejemplar forma parte de la colección y puede ser consultado según las políticas vigentes. | Biblioteca del Museo Franz Mayer (Rogerio Casas-Alatriste) | Biblioteca del Museo Franz Mayer (Rogerio Casas-Alatriste) | 09/12/2008 | AA108 | N510 .B53 1963 (AA108) | 2814 | 22/03/2019 | 22/03/2019 | Libros |